00798nam a2200217Ia 4500999001700000082001700017245010600034260005900140300001300199650002700212650002900239650002000268650002700288650002500315650001900340650005900359700001700418700001500435942001200450952011800462 c11197d11197 a025.04 PAR-; 0aBridging the divide: perspectives of an information professional:selected works of Prof.Harsha Parekh aMumbaibSHPT School of Library Science Past Studc2003 ax, 310p. aInformation scientists aInformation organization aWomen's studies aDigital communications aKnowledge management aFemale studies aInformation storage and retrieval systems - Management aSen, Bharati aJani, Nila cBK2ddc 00104070aNASSDOCbNASSDOCd2004-09-09i2004-10-05l0o025.04 PAR-;p39903r2019-04-18 00:00:00w2019-04-18yBK